000 01619nam a2200505 i 4500
001 55744
003 KOSZ 005
005 20210205143510.0
008 090109s2008 pl a f f |000 0 pol
015 _aUWD 2009/1645
020 _a9788360956045
035 _a991047717449705066
035 _a(PL-WaBN)b23206020-48omnis_nlop
035 _ab23206020
035 _a(OCoLC)297589822
035 _a(PL)b0000002320602
035 _a(EXLNZ-48OMNIS_NETWORK)9910078341405606
040 _aWA N
_cWA N
_dKOSZ 005/HR
046 _k2008
080 _a(075.8)
080 _a614.79
080 _a628.1/.8
245 0 0 _aSanitacja wsi /
_cZbigniew Heidrich [et al.].
260 _aWarszawa :
_bWydawnictwo "Seidel-Przywecki",
_c2008.
300 _a374 s. :
_bil. ;
_c25 cm.
336 _aTekst
_btxt
_2rdacontent
337 _aBez urządzenia pośredniczącego
_bn
_2rdamedia
338 _aWolumin
_bnc
_2rdacarrier
380 _aKsiążki
380 _aPublikacje dydaktyczne
385 _mPoziom nauczania
_aSzkoły wyższe
388 _a2001-
504 _aBibliogr. przy rozdz.
650 7 _aKanalizacja
_2DBN
650 7 _aOczyszczalnia ścieków
_2DBN
650 7 _aOsady ściekowe
_2DBN
650 7 _aWsie
_2DBN
655 7 _aPodręczniki akademickie
_2DBN
658 _aInżynieria i technika
700 1 _aHeidrich, Zbigniew
_eAutor
710 2 _aWydawnictwo Seidel-Przywecki
_4pbl
856 _uhttp://koha.tu.koszalin.pl/cgi-bin/koha/opac-detail.pl?biblionumber=55744
_yKatalog online BPK
942 _2UKD
_cKS
999 _c55744
_d55744